| 000 | 00752nam a2200169Ia 4500 | ||
|---|---|---|---|
| 999 |
_c17972 _d17972 |
||
| 082 | _aTL.0044 | ||
| 100 | _aLobo, Anthony | ||
| 245 | 0 | _aPersonnel management in public sector industries : A case study of Visvesvaraya Iron and Steel Industry Bhadravati in Karnataka | |
| 260 |
_c1984 _bKarnatak University |
||
| 300 | _a208p. + C D - 45 | ||
| 650 | _aSTEEL INDUSTRY AND TRADE///VISVESVARAYA IRON AND STEEL INDUSTRY, BHADRAVATI - PERSONNEL MANAGEMENT | ||
| 650 | _aVISVESVARAYA IRON AND STEEL INDUSTRY, BHADRAVATI - PERSONNEL MANAGEMENT | ||
| 650 | _aPUBLIC SECTOR - KARNATAKA - BHADRAVATI | ||
| 650 | _aIRON INDUSTRY AND TRADE///VISVESVARAYA IRON AND STEEL INDUSTRY, BHADRAVATI - PERSONNEL | ||
| 710 | _aMullikarjunappa, K.R. | ||
| 942 |
_cTH _2ddc |
||